000 00626nam a2200193Ii 4500
003 JO-AjNU
008 230605s9999||||xx |||||||||||||| ||und||
040 _aJO-AjNU
_bara
_erda
_cJO-AjNU
041 _aara
050 1 4 _aBP136.46.S5264 1900
100 3 _aالشناوي، عبد العزيز,
_eauthor
_913814
245 0 0 _aنساء الصحابة
264 3 1 _aد.م: د.ن، 1900
300 _a462ص
336 _atext
_btxt
_2rdacontent
337 _aunmediated
_bn
_2rdamedia
338 _avolume
_bnc
_2rdacarrier
650 4 _aالصحابة والتابعون- تراجم- المرأة المسلمة- تراجم
_913815
999 _aA3536
_c7104
_d7104